Statystyki dla Quiz o II Wojnie Światowej

Kliknij tutaj aby rozwiązać quiz!

Ogólne statystyki

  • Ten quiz został rozwiązany 1 757 razy
  • Średni wynik to 11 z 15

Statystyki odpowiedzi

ZagadnienieOdpowiedź% Poprawnych
II Wojna Światowa zaczęła się roku...1939
98%
Przywódcy państw Faszystowskich to:Adolf Hitler,Benito Mussolini,Cesarz Hirohito
95%
Pakt III Rzeszy i ZSRR nosił nazwę:Ribbentrop-Molotow
92%
II Wojna Światowa trwała6 lat
91%
Adolf Hitler pod koniec swojego :popełnił samobójstow
88%
Europa po II Wojnie Światowej podzieliła się naStrefę Wschodnią(Komunistyczna) zachodnią (Demokratyczna)
88%
Jak nazywała się operacja ataku na ZSRRBarbarrosa
84%
Powstanie Warszawskie rozpoczęło się :1 sierpnia 1944
81%
Niemiecka dywizja walcząca w Afryce nazywała się:Afrika Corps
68%
W roku 1940 roku wybuchła wojna między ZSRR aFinlandią
68%
Lądowanie w Normandii odbyło się6 czerwca 1944
58%
Który dowódca był Amerykańskim Specem od Czołgów ?George Patton
47%
Bitwa o Berlin zakończyła sie8 maja 1945
46%
Przełomowa bitwa dla ZSRR na foncie wschodnim to bitwa : (Bitwa Pancerna)na Łuku Kurskim
45%
Wyzwolenie Francji Nastąpiło ?19-25 sierpnia 1944
25%

Rozkład punktacji

Percentyl według liczby udzielonych odpowiedzi

Procent ludzi z każdym wynikiem

Twoja historia wyników

Nie rozwiązałeś tego quizu